[Event "Sebes GP op"]
[Site "Sebes"]
[Date "2023.11.04"]
[Round "1"]
[White "Toncheva, Nadya"]
[Black "Matei Catruna, Andrei"]
[Result "1-0"]
[WhiteElo "2253"]
[BlackElo "1422"]
[PlyCount "55"]
[EventDate "2023.11.04"]
[EventType "swiss"]
[EventRounds "10"]
[EventCountry "ROU"]
[SourceTitle "CBM 217 Extra"]
[Source "ChessBase"]
[SourceDate "2024.01.31"]
[SourceVersion "1"]
[SourceVersionDate "2024.01.31"]
[SourceQuality "1"]

1. d4 Nf6 2. c4 e6 3. Nc3 Bb4 4. e3 d5 5. Qa4+ Nc6 6. cxd5 Nxd5 7. Bd2 Nxc3 8. bxc3 Be7 9. Bd3 Bd7 10. Qc2 h6 11. Rb1 b6 12. Nf3 a5 13. 0-0 0-0 14. e4 f5 15. exf5 exf5 16. d5 Nb8 17. Rfe1 Bd6 18. Ne5 Na6 19. Nxd7 Qxd7 20. Re6 f4 21. c4 Nc5 22. Bh7+ Kh8 23. Rxh6 Rf6 24. Rh3 Qe7 25. Re1 Qf8 26. Bc3 Rf7 27. Bg8+ Kxg8 28. Qh7# 1-0

[Event "Braila GP RO Stage 5"]
[Site "Braila"]
[Date "2022.11.05"]
[Round "2"]
[White "David, Alexandru Vasile"]
[Black "Matei Catruna, Andrei"]
[Result "1-0"]
[WhiteElo "2404"]
[BlackElo "1357"]
[PlyCount "55"]
[EventDate "2022.11.05"]
[EventType "swiss (rapid)"]
[EventRounds "10"]
[EventCountry "ROU"]
[SourceTitle "EXT 2024"]
[Source "ChessBase"]
[SourceDate "2023.10.10"]
[SourceVersion "1"]
[SourceVersionDate "2023.10.10"]
[SourceQuality "1"]

1. d4 Nf6 2. c4 e6 3. Nc3 Bb4 4. e3 d5 5. a3 Bxc3+ 6. bxc3 0-0 7. cxd5 exd5 8. Bd3 b6 9. Ne2 Bb7 10. 0-0 Nbd7 11. f3 c5 12. Ng3 Re8 13. Ra2 c4 14. Bb1 Qc7 15. Re2 Re7 16. e4 dxe4 17. fxe4 Rae8 18. e5 Nd5 19. Qc2 g6 20. Ref2 Kg7 21. Bg5 Re6 22. Rxf7+ Kg8 23. Ne4 Rf8 24. Qf2 Ree8 25. Bh6 Ne7 26. Rxf8+ Nxf8 27. Qxf8+ Rxf8 28. Rxf8# 1-0

[Event "ROM-ch U12"]
[Site "Eforie Nord"]
[Date "2022.04.11"]
[Round "1"]
[White "Matei Catruna, Andrei"]
[Black "Gales, Randi Ioan"]
[Result "0-1"]
[WhiteElo "1262"]
[BlackElo "1917"]
[PlyCount "50"]
[EventDate "2022.04.11"]
[EventType "swiss"]
[EventRounds "9"]
[EventCountry "ROU"]
[SourceTitle "EXT 2023"]
[Source "ChessBase"]
[SourceDate "2022.10.05"]
[SourceVersion "1"]
[SourceVersionDate "2022.10.05"]
[SourceQuality "1"]

1. e4 c5 2. Nf3 Nc6 3. Bb5 e6 4. Bxc6 bxc6 5. d3 Ne7 6. h3 Ng6 7. 0-0 Be7 8. Be3 e5 9. Nc3 0-0 10. Re1 d6 11. Ne2 f5 12. exf5 Bxf5 13. Ng3 Be6 14. Bd2 Qd7 15. Bg5 Rf7 16. Bxe7 Qxe7 17. Ne4 h6 18. Ng3 Raf8 19. Re3 Nf4 20. Kh2 Qd7 21. Ng1 Nxg2 22. Kxg2 Rxf2+ 23. Kh1 Bxh3 24. Qh5 Bg2+ 25. Kh2 Bf3# 0-1